000 00515nam a22001817a 4500
999 _c9025
_d9025
003 GBCCL
005 20241126110703.0
008 220224b ||||| |||| 00| 0 eng d
040 _cgbc
082 _a241.66
_bAMB
245 _aIs sex sin ? /
_cby The Ambassador college Department of theology
260 _aCalifornia :
_bAmbassador college press,
300 _a62p. ;
650 _aSex
_vBiblical teaching.
_915762
650 _aSex
_vReligious aspects.
_915763
650 _aSins.
_92844
942 _2ddc
_cBK
_03